000 00573nam a2200205 a 4500
001 000009479
003 OSt
005 20240412074211.0
008 090930s1953 dr 000 p spa d
040 _aDO-SdBNP
_cBNPHU
049 _aBNPD
082 7 4 _a861.4
_aO77c
_222
100 1 _aOrtíz Marchena, A.
_924285
245 1 0 _aCactus y rosas /
_cA. Ortíz Marchena.
260 _aCiudad Trujillo, República Dominicana :
_bMontalvo,
_c1953.
300 _a124 p. : ;
_c22 cm.
650 0 _aPoesía dominicana
_966
650 0 _aLiteratura dominicana.
_967
942 _2ddc
_cLBS1
999 _c9239
_d9239